000 00331nam a2200133Ia 4500
008 240624s9999 xx 000 0 und d
041 _aeng
082 _a332 SEN
100 _aSEN SUNANDA
245 _aDOMINANT FINANCE AND STAGNANT ECONOMIES
260 _c2014
_aNew Delhi
_bOxford Indian
300 _a424 : p.
365 _cRS
_b31
999 _c23218
_d23218